[Event "SLO-chT1 East"]
[Site "Celje"]
[Date "2014.10.18"]
[Round "7"]
[White "Lasic, Luka"]
[Black "Krivec, Sandi"]
[Result "0-1"]
[WhiteElo "2238"]
[BlackElo "2159"]
[PlyCount "80"]
[EventDate "2014.10.09"]
[EventType "team-tourn"]
[EventRounds "9"]
[EventCountry "SLO"]
[SourceTitle "EXT 2019"]
[Source "ChessBase"]
[SourceDate "2018.10.10"]
[SourceVersion "1"]
[SourceVersionDate "2018.10.10"]
[SourceQuality "1"]
[WhiteTeam "Celje"]
[BlackTeam "Slovenj Gradec"]
[WhiteTeamCountry "SLO"]
[BlackTeamCountry "SLO"]

1. Nf3 d5 2. c4 e6 3. g3 Nf6 4. Bg2 Be7 5. 0-0 0-0 6. Qc2 Na6 7. a3 c5 8. d3 b6 9. e4 Bb7 10. Nbd2 Nc7 11. Re1 b5 12. exd5 exd5 13. Nh4 Re8 14. Nf1 Qc8 15. Bd2 d4 16. Bxb7 Qxb7 17. b4 bxc4 18. Qxc4 Ne6 19. Nf5 Qf3 20. Nxe7+ Rxe7 21. h3 Rc7 22. b5 Rb7 23. Nh2 Qh5 24. Kg2 Ne8 25. a4 Nd6 26. Qb3 a6 27. b6 a5 28. Nf3 c4 29. dxc4 Qc5 30. Ne5 f6 31. Nd3 Qc6+ 32. f3 Rxb6 33. Qa2 Nc5 34. Nf4 Rb3 35. Nd5 Kf8 36. Rab1 Rxb1 37. Qxb1 Nxc4 38. Ne7 Qxf3+ 39. Kh2 Nxd2 40. Qc1 Qf2+ 0-1

[Event "SLO-chT1 East"]
[Site "Celje"]
[Date "2014.10.11"]
[Round "3"]
[White "Krivec, Sandi"]
[Black "Horvath, Tamas"]
[Result "0-1"]
[WhiteElo "2159"]
[BlackElo "2386"]
[PlyCount "64"]
[EventDate "2014.10.09"]
[EventType "team-tourn"]
[EventRounds "9"]
[EventCountry "SLO"]
[SourceTitle "EXT 2019"]
[Source "ChessBase"]
[SourceDate "2018.10.10"]
[SourceVersion "1"]
[SourceVersionDate "2018.10.10"]
[SourceQuality "1"]
[WhiteTeam "Slovenj Gradec"]
[BlackTeam "Rokada Lendava"]
[WhiteTeamCountry "SLO"]
[BlackTeamCountry "SLO"]

1. d4 e6 2. Nf3 c5 3. e3 Nf6 4. Bd3 b6 5. 0-0 Bb7 6. Nbd2 Nc6 7. c3 Be7 8. e4 cxd4 9. cxd4 Nb4 10. Bb1 Ba6 11. Re1 Nd3 12. Re3 Nxc1 13. Qxc1 0-0 14. Qd1 Rc8 15. Ne1 g6 16. Qa4 Bb7 17. Bd3 a6 18. Qd1 b5 19. a4 Qb6 20. axb5 axb5 21. Nb3 Ra8 22. Rxa8 Rxa8 23. Nf3 b4 24. Ne5 d5 25. Qf3 Rf8 26. Nc5 dxe4 27. Nxe4 Bxe4 28. Bxe4 Qxd4 29. Nc6 Qc5 30. h3 Kg7 31. g4 Bd6 32. Kg2 Rc8 0-1

[Event "SLO-chT1 Ost"]
[Site "Maribor"]
[Date "2012.10.11"]
[Round "1"]
[White "Tomazini, Aljosa"]
[Black "Krivec, Sandi"]
[Result "1-0"]
[WhiteElo "2327"]
[BlackElo "2143"]
[PlyCount "67"]
[EventDate "2012.10.11"]
[EventType "team-tourn"]
[EventRounds "9"]
[EventCountry "SLO"]
[SourceTitle "EXT 2022"]
[Source "ChessBase"]
[SourceDate "2021.10.06"]
[SourceVersion "1"]
[SourceVersionDate "2021.10.06"]
[SourceQuality "1"]

1. d4 d5 2. Nf3 Nf6 3. c4 e6 4. Nc3 Be7 5. Bf4 0-0 6. e3 a6 7. c5 c6 8. h3 Nbd7 9. Bd3 Re8 10. Bh2 Nf8 11. 0-0 N6d7 12. b4 b5 13. a4 Bb7 14. axb5 axb5 15. Qc2 f5 16. Rxa8 Bxa8 17. Ra1 Bb7 18. Ra7 Qc8 19. Nxb5 cxb5 20. Bxb5 Rd8 21. c6 Bxc6 22. Bxc6 Bxb4 23. Bc7 Nb8 24. Bb7 Qd7 25. Ne5 Qe7 26. Bxd8 Qxd8 27. Qc8 Qxc8 28. Bxc8 Bd6 29. Ra8 g6 30. Bxe6+ Nxe6 31. Nc6 Kf7 32. Nxb8 Bxb8 33. Rxb8 Kf6 34. Rb5 1-0

[Event "SLO-chT1 Ost"]
[Site "Sentjur"]
[Date "2011.10.22"]
[Round "7"]
[White "Krivec, Sandi"]
[Black "Kovacevic, Blazimir"]
[Result "0-1"]
[WhiteElo "2145"]
[BlackElo "2494"]
[PlyCount "51"]
[EventDate "2011.10.13"]
[EventType "team-tourn"]
[EventRounds "9"]
[EventCountry "SLO"]
[SourceTitle "EXT 2022"]
[Source "ChessBase"]
[SourceDate "2021.10.06"]
[SourceVersion "1"]
[SourceVersionDate "2021.10.06"]
[SourceQuality "1"]
[WhiteTeam "Slovenj Gradec"]
[BlackTeam "Milan Majcen Sevnica"]
[WhiteTeamCountry "SLO"]
[BlackTeamCountry "SLO"]

1. d4 e6 2. Nf3 c5 3. e3 Nf6 4. Bd3 d5 5. c3 Nbd7 6. 0-0 Bd6 7. Nbd2 0-0 8. e4 dxe4 9. Nxe4 Nxe4 10. Bxe4 Qc7 11. Bg5 h6 12. Bh4 f5 13. Bc2 g5 14. Qe2 Nf6 15. dxc5 Bxc5 16. Bxg5 hxg5 17. Nxg5 Ng4 18. g3 e5 19. h3 Nh6 20. Qh5 Kg7 21. g4 e4 22. Kh1 fxg4 23. Bxe4 Rf6 24. Nh7 Rf5 25. Bxf5 Bxf5 26. Nf6 0-1

[Event "SLO-CupT"]
[Site "Slovenia"]
[Date "2010.12.05"]
[Round "4"]
[White "Krivec, Sandi"]
[Black "Kosmac, Blaz"]
[Result "1/2-1/2"]
[WhiteElo "2150"]
[BlackElo "2178"]
[PlyCount "35"]
[EventDate "2010.05.09"]
[EventType "team-swiss"]
[EventRounds "5"]
[EventCountry "SLO"]
[SourceTitle "EXT 2024"]
[Source "ChessBase"]
[SourceDate "2023.10.10"]
[SourceVersion "1"]
[SourceVersionDate "2023.10.10"]
[SourceQuality "1"]
[WhiteTeam "Slovenj Gradec"]
[BlackTeam "Tomo Zupan Kranj"]
[WhiteTeamCountry "SLO"]
[BlackTeamCountry "SLO"]

1. d4 Nf6 2. Nf3 g6 3. c4 Bg7 4. Nc3 d5 5. cxd5 Nxd5 6. e4 Nxc3 7. bxc3 0-0 8. Be2 c5 9. 0-0 Bg4 10. Be3 Qa5 11. Qb3 Nc6 12. Rad1 cxd4 13. cxd4 Rad8 14. e5 Rd7 15. h3 Be6 16. Bc4 Bxc4 17. Qxc4 Qb4 18. Qc2 1/2-1/2

[Event "SLO-chT1 Ost"]
[Site "Sentjur"]
[Date "2010.11.19"]
[Round "6"]
[White "Madl, Ildiko"]
[Black "Krivec, Sandi"]
[Result "1-0"]
[WhiteElo "2397"]
[BlackElo "2150"]
[PlyCount "43"]
[EventDate "2010.11.04"]
[EventType "team-tourn"]
[EventRounds "9"]
[EventCountry "SLO"]
[SourceTitle "EXT 2022"]
[Source "ChessBase"]
[SourceDate "2021.10.06"]
[SourceVersion "1"]
[SourceVersionDate "2021.10.06"]
[SourceQuality "1"]
[WhiteTeam "Milan Majcen Sevnica"]
[BlackTeam "Slovenj Gradec"]
[WhiteTeamCountry "SLO"]
[BlackTeamCountry "SLO"]

1. e4 c5 2. Nf3 Nc6 3. Nc3 g6 4. d4 cxd4 5. Nxd4 Bg7 6. Be3 Nf6 7. Bc4 Qa5 8. 0-0 0-0 9. Bb3 d6 10. h3 Bd7 11. f4 Rad8 12. Nf3 Nh5 13. Qe1 e5 14. f5 Nf4 15. fxg6 hxg6 16. Qh4 Rfe8 17. Ng5 Re7 18. Nd5 Nxd5 19. Bxd5 Be8 20. Qh7+ Kf8 21. Qxg6 Qc7 22. Nh7+ 1-0

[Event "SLO-chT2 Ost"]
[Site "Maribor"]
[Date "2009.06.06"]
[Round "3"]
[White "Krivec, Sandi"]
[Black "Klemencic, Gorazd"]
[Result "1/2-1/2"]
[WhiteElo "2058"]
[BlackElo "2226"]
[PlyCount "76"]
[EventDate "2009.05.30"]
[EventType "team-tourn"]
[EventRounds "9"]
[EventCountry "SLO"]
[SourceTitle "EXT 2022"]
[Source "ChessBase"]
[SourceDate "2021.10.06"]
[SourceVersion "1"]
[SourceVersionDate "2021.10.06"]
[SourceQuality "1"]

1. d4 Nf6 2. Nf3 g6 3. c4 Bg7 4. Nc3 0-0 5. e4 d6 6. Be2 e5 7. dxe5 dxe5 8. Qxd8 Rxd8 9. Bg5 Re8 10. 0-0-0 h6 11. Bh4 Bg4 12. Ng1 c6 13. Bxg4 Nxg4 14. Nf3 Na6 15. Bg3 h5 16. a3 Re7 17. Kc2 f6 18. Rd6 Nh6 19. Rhd1 Nf7 20. Rd7 Rae8 21. b4 Nc7 22. Nh4 Kh7 23. f3 Ne6 24. Rxe7 Rxe7 25. Bf2 a6 26. Na4 Nh6 27. Nc5 Nxc5 28. Bxc5 Rf7 29. Be3 g5 30. Nf5 Nxf5 31. exf5 g4 32. h4 gxh3 33. gxh3 Bh6 34. Bxh6 Kxh6 35. Rg1 Rg7 36. Rxg7 Kxg7 37. Kd3 Kf7 38. Ke4 b5 1/2-1/2

[Event "SLO-ch U18"]
[Site "Rogaska Slatina"]
[Date "2009.02.27"]
[Round "9"]
[White "Krivec, Sandi"]
[Black "Rozman, Mitja"]
[Result "1/2-1/2"]
[WhiteElo "2073"]
[BlackElo "1838"]
[PlyCount "66"]
[EventDate "2009.02.22"]
[EventType "swiss"]
[EventRounds "9"]
[EventCountry "SLO"]
[SourceTitle "CBM 129 Extra"]
[Source "ChessBase"]
[SourceDate "2009.05.05"]
[SourceVersion "2"]
[SourceVersionDate "2009.05.20"]
[SourceQuality "1"]

1. d4 Nf6 2. Nf3 g6 3. c4 Bg7 4. Nc3 0-0 5. e4 d6 6. Be2 e5 7. 0-0 Nbd7 8. d5 a5 9. Ne1 Ne8 10. f3 f5 11. g4 f4 12. Ng2 Bf6 13. Qe1 g5 14. Rb1 Kf7 15. h3 Rh8 16. Kf2 h5 17. Rh1 c5 18. Bd2 Nc7 19. Qd1 Be7 20. a3 Na6 21. Na4 Kg7 22. Qg1 Nf8 23. gxh5 Bd7 24. Nc3 Rxh5 25. h4 Ng6 26. hxg5 Qh8 27. Nb5 b6 28. Rxh5 Qxh5 29. Bf1 Bxb5 30. cxb5 Nc7 31. Bd3 Qxg5 32. Ke2 Rh8 33. Be1 Nh4 1/2-1/2

[Event "SLO-ch U18"]
[Site "Rogaska Slatina"]
[Date "2009.02.23"]
[Round "3"]
[White "Plaskan, Jure"]
[Black "Krivec, Sandi"]
[Result "1-0"]
[WhiteElo "2169"]
[BlackElo "2073"]
[PlyCount "137"]
[EventDate "2009.02.22"]
[EventType "swiss"]
[EventRounds "9"]
[EventCountry "SLO"]
[SourceTitle "CBM 129 Extra"]
[Source "ChessBase"]
[SourceDate "2009.05.05"]
[SourceVersion "2"]
[SourceVersionDate "2009.05.20"]
[SourceQuality "1"]

1. e4 c5 2. Nf3 Nc6 3. d4 cxd4 4. Nxd4 g6 5. c4 Bg7 6. Be3 Nf6 7. Nc3 0-0 8. Be2 b6 9. 0-0 Bb7 10. f3 Nh5 11. Nb3 d6 12. Qd2 Nf6 13. Nd5 Rc8 14. Rac1 Nd7 15. Bh6 Nc5 16. Bxg7 Kxg7 17. Rfd1 Qd7 18. Ne3 Kg8 19. Ng4 f6 20. Nd4 Nxd4 21. Qxd4 Rcd8 22. Qe3 e5 23. b4 Ne6 24. c5 Nd4 25. Bc4+ d5 26. exd5 Bxd5 27. c6 Qxc6 28. Rxd4 exd4 29. Bxd5+ Qxd5 30. Qe7 Qd7 31. Nxf6+ Rxf6 32. Qxf6 d3 33. Rd1 Qd4+ 34. Qxd4 Rxd4 35. a3 Kf7 36. Kf2 a5 37. bxa5 bxa5 38. Ke3 Rc4 39. g3 Rc2 40. Rd2 Rc3 41. Rxd3 Rc2 42. h4 h5 43. Ke4 Ke6 44. Rd4 Rc3 45. a4 Rc5 46. Kf4 Rf5+ 47. Ke3 Rc5 48. g4 hxg4 49. fxg4 Kf6 50. Kf4 Rc7 51. Rd6+ Kg7 52. Ke5 Rc4 53. Rd4 Rc5+ 54. Kd6 Rc1 55. g5 Kf7 56. Rd5 Rc4 57. Rxa5 Rxh4 58. Ra7+ Kg8 59. Ke5 Rc4 60. a5 Rc5+ 61. Kf6 Rc6+ 62. Ke7 Rc5 63. a6 Rxg5 64. Kf6 Rg1 65. Rg7+ Kf8 66. Rb7 Rf1+ 67. Kxg6 Rg1+ 68. Kf5 Rf1+ 69. Ke4 1-0

[Event "SLO-ch U18"]
[Site "Postojna"]
[Date "2008.02.28"]
[Round "6"]
[White "Krivec, Sandi"]
[Black "Plaskan, Jure"]
[Result "0-1"]
[WhiteElo "2033"]
[BlackElo "2135"]
[PlyCount "68"]
[EventDate "2008.02.24"]
[EventType "swiss"]
[EventRounds "9"]
[EventCountry "SLO"]
[SourceTitle "EXT 2010"]
[Source "ChessBase"]
[SourceDate "2010.11.25"]
[SourceVersion "1"]
[SourceVersionDate "2010.11.25"]
[SourceQuality "1"]

1. d4 Nf6 2. Nf3 c5 3. d5 b5 4. c4 d6 5. Qc2 g6 6. e4 bxc4 7. Bxc4 Bg7 8. 0-0 0-0 9. Nc3 Nfd7 10. a4 Nb6 11. Be2 a5 12. Bg5 Na6 13. Qd2 Nb4 14. Bh6 Ba6 15. Bxg7 Kxg7 16. Bxa6 Rxa6 17. Qe2 Nd7 18. Rad1 Qb8 19. Rfe1 f6 20. Nh4 Qc8 21. Qg4 Ne5 22. Qg3 Qg4 23. Qxg4 Nxg4 24. f4 Nc2 25. Re2 Nd4 26. Ree1 Rb6 27. Nf3 Rxb2 28. Nxd4 cxd4 29. Ne2 Ne3 30. Rxd4 Rc8 31. Rd3 Ng4 32. h3 Rxe2 33. Rb1 Ne3 34. e5 Rcc2 0-1

[Event "EU-ch U16 17th"]
[Site "Sibenik"]
[Date "2007.09.20"]
[Round "7"]
[White "Krivec, Sandi"]
[Black "Zivkovic, Dejan"]
[Result "1/2-1/2"]
[WhiteElo "2003"]
[BlackElo "2191"]
[PlyCount "109"]
[EventDate "2007.09.14"]
[EventType "swiss"]
[EventRounds "9"]
[EventCountry "CRO"]
[SourceTitle "CBM 120 Extra"]
[Source "ChessBase"]
[SourceDate "2007.11.01"]
[SourceVersion "1"]
[SourceVersionDate "2007.11.01"]
[SourceQuality "1"]

1. d4 Nf6 2. Nf3 g6 3. c4 Bg7 4. Nc3 d5 5. cxd5 Nxd5 6. e4 Nxc3 7. bxc3 0-0 8. Be2 c5 9. 0-0 cxd4 10. cxd4 Nc6 11. Be3 Bg4 12. d5 Na5 13. Rc1 b6 14. Nd4 Bxe2 15. Qxe2 Qd7 16. Qb5 Rfd8 17. Qxd7 Rxd7 18. Nb5 Nb7 19. Rc2 Be5 20. Rfc1 Bd6 21. Rc8+ Rxc8 22. Rxc8+ Kg7 23. Ra8 Nc5 24. Bd4+ f6 25. Bxc5 Bxc5 26. Rxa7 Rxa7 27. Nxa7 Kf7 28. Kf1 e6 29. Ke2 f5 30. f3 exd5 31. exd5 Ke7 32. Nb5 Kf6 33. f4 g5 34. fxg5+ Kxg5 35. Kf3 Kf6 36. d6 Ke6 37. Kf4 Bb4 38. Nd4+ Kxd6 39. Nxf5+ Ke6 40. Ke4 Bc5 41. Nd4+ Kf6 42. Kd5 Ba3 43. Kc6 Bc5 44. Nb5 Bg1 45. Nc7 Bxh2 46. Nd5+ Kg5 47. Nxb6 Bg3 48. a4 Be1 49. Nd5 Kg4 50. Nf6+ Kg3 51. Nxh7 Kxg2 52. Nf6 Kf3 53. Kc5 Kf4 54. Nd5+ Ke5 55. Nb4 1/2-1/2

[Event "SLO-ch U16"]
[Site "Murska Sobota"]
[Date "2007.02.28"]
[Round "6"]
[White "Spalir, Jernej"]
[Black "Krivec, Sandi"]
[Result "1/2-1/2"]
[WhiteElo "1628"]
[BlackElo "1996"]
[PlyCount "71"]
[EventDate "2007.02.25"]
[EventType "swiss"]
[EventRounds "9"]
[EventCountry "SLO"]
[SourceTitle "CBM 117 Extra"]
[Source "ChessBase"]
[SourceDate "2007.05.09"]
[SourceVersion "1"]
[SourceVersionDate "2007.05.09"]
[SourceQuality "1"]

1. d4 d5 2. Nf3 Nf6 3. c4 e6 4. Nc3 Be7 5. Bg5 0-0 6. e3 a6 7. cxd5 exd5 8. Be2 c6 9. 0-0 Nbd7 10. Qc2 Ne4 11. Bf4 Ndf6 12. Bd3 Nxc3 13. bxc3 Bd6 14. Ne5 h6 15. h3 Qe7 16. c4 Nd7 17. Nxd7 Bxd7 18. Bxd6 Qxd6 19. c5 Qc7 20. Rab1 Rae8 21. e4 dxe4 22. Bxe4 Bc8 23. Rfd1 Qf4 24. Bf3 Qg5 25. Qd2 Qg6 26. Kh1 Qf6 27. Qc3 Re7 28. Re1 Rfe8 29. Rxe7 Rxe7 30. Rd1 Bf5 31. Rd2 Re1+ 32. Kh2 Re7 33. a3 Be4 34. Bxe4 Rxe4 35. Qd3 Qe6 36. Qg3 1/2-1/2

[Event "SLO-ch U16"]
[Site "Murska Sobota"]
[Date "2007.02.27"]
[Round "4"]
[White "Hasanagic, Anel"]
[Black "Krivec, Sandi"]
[Result "1-0"]
[WhiteElo "2037"]
[BlackElo "1996"]
[PlyCount "111"]
[EventDate "2007.02.25"]
[EventType "swiss"]
[EventRounds "9"]
[EventCountry "SLO"]
[SourceTitle "CBM 117 Extra"]
[Source "ChessBase"]
[SourceDate "2007.05.09"]
[SourceVersion "1"]
[SourceVersionDate "2007.05.09"]
[SourceQuality "1"]

1. d4 d5 2. Nf3 Nf6 3. Bf4 e6 4. e3 Bd6 5. Bg3 0-0 6. Bd3 c6 7. Nbd2 Re8 8. Ne5 Qc7 9. c3 Nbd7 10. Ndf3 Ne4 11. Bxe4 dxe4 12. Ng5 Nxe5 13. dxe5 Be7 14. Nxe4 Qb6 15. Qe2 Qb5 16. Qxb5 cxb5 17. 0-0 Bd7 18. Nd2 a6 19. f3 Bc6 20. e4 Red8 21. Rfd1 Rd7 22. Nb3 Rad8 23. Rxd7 Rxd7 24. Bf2 f5 25. exf6 gxf6 26. Nd4 Kf7 27. Kf1 e5 28. Nb3 Ke6 29. Ke2 Bd6 30. Rd1 Rg7 31. g3 Rf7 32. Na5 Bc7 33. Nxc6 bxc6 34. Bc5 Rg7 35. Kf2 Rg8 36. Be3 Rc8 37. g4 Bd6 38. Kg3 Rg8 39. Kh4 Rg6 40. Kh5 Rg7 41. h4 Rf7 42. b4 Rb7 43. a3 Be7 44. Rd3 Rc7 45. Bc5 Rb7 46. Kh6 Rc7 47. h5 Rb7 48. Bxe7 Rxe7 49. Rd8 a5 50. Rc8 axb4 51. axb4 Rd7 52. Rxc6+ Kf7 53. Kxh7 Rd3 54. Rc7+ Ke6 55. h6 Rxf3 56. Kg8 1-0